00717nam a22001097a 4500040000800000082002700008100004700035245045500082260002700537300002400564856001900588 cRUA aAGR CHO 2015 B433 Or.1 aCHOUN CHAMNAB,ជួន ចំណាប់ acomparison of differrent type of organic fertilizers on pak choi (brassica chinensis) at crop research station at royal university of agriculture ,ការប្រៀបធៀបប្រភេទជីសរីរាង្គខុសៗគ្នាទៅលើដំណាំស្ពៃតឿនៅស្ថានីយ៍ពិសោធន៍ដំណាំនៃសាកលវិទ្យាល័យភូមិន្ទកសិកម្ម aRUAbphnom penhc2015  ax;34p;bill;c29cm; u CHOUN CHAMNAB